[Event "NAYCC U12"]
[Site "Windsor CAN"]
[Date "2016.08.09"]
[Round "4.107"]
[White "Liu, Bowser"]
[Black "Nair, Siddhant"]
[Result "0-1"]
[WhiteElo "895"]
[BlackElo "1825"]
[PlyCount "102"]
[EventDate "2016.08.07"]
[EventType "swiss"]
[EventRounds "9"]
[EventCountry "CAN"]

1. c4 Nf6 2. d4 g6 3. Nc3 Bg7 4. g3 d6 5. Bg2 O-O 6. Bg5 h6 7. Bd2 Nc6 8. e3
Bd7 9. Nge2 a6 10. O-O Rb8 11. Rb1 Na5 12. b3 c5 13. d5 b5 14. cxb5 axb5 15.
Qc1 b4 16. Nd1 Bf5 17. e4 Nxe4 18. Bxh6 Bxh6 19. Qxh6 c4 20. Ne3 Qc8 21. Nxf5
Qxf5 22. Bxe4 Qxe4 23. Qe3 Qxe3 24. fxe3 c3 25. Rfc1 Rfc8 26. Rc2 Rb5 27. e4 f5
28. exf5 Rxd5 29. fxg6 Rd2 30. Rbc1 Rc5 31. Kf1 Rcd5 32. Ke1 e5 33. h4 Nc6 34.
h5 Ne7 35. g4 Kg7 36. Ng3 R5d3 37. Ne2 Nd5 38. a3 Ne3 39. Rxc3 bxc3 40. Rxc3
Rxe2+ 41. Kxe2 Rxc3 42. Kf3 d5 43. b4 e4+ 44. Kf4 Ng2+ 45. Kg5 Rc6 46. h6+ Kg8
47. b5 Rd6 48. a4 e3 49. a5 e2 50. b6 e1=Q 51. b7 Qe5# 0-1

[Event "NAYCC U12"]
[Site "Windsor CAN"]
[Date "2016.08.09"]
[Round "4.108"]
[White "Shi, David"]
[Black "Xing, Kun"]
[Result "1-0"]
[WhiteElo "1309"]
[BlackElo "880"]
[PlyCount "59"]
[EventDate "2016.08.07"]
[EventType "swiss"]
[EventRounds "9"]
[EventCountry "CAN"]

1. e4 e5 2. Nf3 Nc6 3. Bb5 a6 4. Ba4 d6 5. O-O Bd7 6. c3 Nf6 7. Re1 Be7 8. h3
O-O 9. d4 b5 10. Bc2 h6 11. Be3 Na5 12. dxe5 dxe5 13. Nxe5 Bd6 14. Nf3 Re8 15.
Bd4 c5 16. Bxf6 gxf6 17. Qxd6 Nb7 18. Qg3+ Kf8 19. Nbd2 c4 20. b4 Be6 21. Rad1
Qc8 22. Qf4 Kg7 23. e5 f5 24. Nh4 Rg8 25. Bxf5 Bxf5 26. Nxf5+ Kf8 27. Qxh6+ Ke8
28. Nd6+ Nxd6 29. exd6+ Kd7 30. Re7+ 1-0

[Event "NAYCC U12"]
[Site "Windsor CAN"]
[Date "2016.08.09"]
[Round "4.109"]
[White "Asemota, Eghosa"]
[Black "Boyd, Alexander"]
[Result "0-1"]
[WhiteElo "803"]
[BlackElo "1247"]
[PlyCount "108"]
[EventDate "2016.08.07"]
[EventType "swiss"]
[EventRounds "9"]
[EventCountry "CAN"]

1. e4 c5 2. Nf3 d6 3. Bc4 Nf6 4. Nc3 g6 5. O-O Bg7 6. d3 O-O 7. Be3 a6 8. a3 b5
9. Ba2 Bb7 10. Nd5 Nxd5 11. exd5 Bxb2 12. Rb1 Bg7 13. d4 cxd4 14. Bxd4 e5 15.
dxe6 Bxf3 16. Qxf3 Bxd4 17. Qxa8 Kg7 18. Qd5 Qf6 19. Qxd6 fxe6 20. Qg3 Be5 21.
Qd3 Nc6 22. Bxe6 Re8 23. Rbe1 Bc3 24. Qe4 Bxe1 25. Rxe1 Nd8 26. Qa8 Rxe6 27.
Qa7+ Nf7 28. Rd1 h5 29. f3 Re5 30. Qc7 Qe6 31. h3 Re1+ 32. Rxe1 Qxe1+ 33. Kh2
Qc1 34. Qc3+ Kh6 35. g3 Qf1 36. Qe3+ Ng5 37. h4 Qh3+ 38. Kg1 Qxg3+ 39. Kf1
Qxf3+ 40. Qxf3 Nxf3 41. Kf2 Nxh4 42. Ke2 Nf5 43. Kd3 h4 44. Ke4 h3 45. Kd5 h2
46. Kc5 h1=Q 47. Kb6 Qa8 48. c3 g5 49. a4 bxa4 50. Ka5 Qb8 51. c4 Qb7 52. Kxa4
Nd6 53. Ka3 Nxc4+ 54. Ka2 Qb2# 0-1

[Event "NAYCC U12"]
[Site "Windsor CAN"]
[Date "2016.08.09"]
[Round "5.84"]
[White "Hung, Daniel"]
[Black "Wang, Wesley"]
[Result "1/2-1/2"]
[WhiteElo "1812"]
[BlackElo "2131"]
[PlyCount "93"]
[EventDate "2016.08.07"]
[EventType "swiss"]
[EventRounds "9"]
[EventCountry "CAN"]

1. e4 e5 2. Nf3 Nc6 3. Bc4 Nf6 4. d3 Bc5 5. c3 O-O 6. O-O d6 7. b4 Bb6 8. a4 a5
9. b5 Ne7 10. Be3 Ng6 11. h3 h6 12. Re1 Re8 13. Nbd2 Be6 14. Bxe6 fxe6 15. Qc2
Nh5 16. Nc4 Bxe3 17. fxe3 Rf8 18. Qe2 Nf6 19. Rad1 Qe7 20. Qc2 Nd7 21. d4 exd4
22. cxd4 Kh7 23. e5 d5 24. Nb2 Rac8 25. Nd3 Kh8 26. Qd2 Nb6 27. Qc2 Rf5 28. Nc5
Rcf8 29. Nxb7 Nc4 30. Nc5 Nh4 31. Nxh4 Qxh4 32. Nxe6 R8f7 33. Nf4 Qg3 34. Qf2
Qxf2+ 35. Kxf2 Nxe3 36. Rxe3 Rxf4+ 37. Rf3 g5 38. Rdd3 Kg7 39. Ke2 Re4+ 40. Kd2
Rxf3 41. gxf3 Rh4 42. Ke2 Kg6 43. Re3 Kf7 44. Rd3 Ke6 45. Ke3 Rxh3 46. Rc3 Kd7
47. Kf2 1/2-1/2

[Event "NAYCC U12"]
[Site "Windsor CAN"]
[Date "2016.08.09"]
[Round "5.86"]
[White "Shen, Christopher"]
[Black "Zhong, Wenxuan"]
[Result "1-0"]
[WhiteElo "2161"]
[BlackElo "1758"]
[PlyCount "53"]
[EventDate "2016.08.07"]
[EventType "swiss"]
[EventRounds "9"]
[EventCountry "CAN"]

1. c4 e5 2. g3 Nc6 3. Bg2 g6 4. Nc3 Bg7 5. d3 d6 6. e3 f5 7. Nge2 Nf6 8. Rb1
O-O 9. b4 a6 10. O-O Kh8 11. a4 Rb8 12. Ba3 Bd7 13. b5 axb5 14. axb5 Ne7 15. f4
exf4 16. Nxf4 Ng4 17. Qd2 Nxe3 18. Qxe3 Bxc3 19. d4 Ba5 20. c5 g5 21. Ne6 Bxe6
22. Qxe6 dxc5 23. Bxc5 Re8 24. Qe5+ Kg8 25. Bxe7 Bb6 26. Bd5+ Qxd5 27. Qxd5+
1-0

[Event "NAYCC U12"]
[Site "Windsor CAN"]
[Date "2016.08.09"]
[Round "5.87"]
[White "McNutt, William"]
[Black "Somalwar, Anaiy"]
[Result "1/2-1/2"]
[WhiteElo "1875"]
[BlackElo "1755"]
[PlyCount "69"]
[EventDate "2016.08.07"]
[EventType "swiss"]
[EventRounds "9"]
[EventCountry "CAN"]

1. d4 d5 2. Nf3 Nf6 3. e3 Bf5 4. c4 c6 5. Qb3 Qb6 6. Nc3 e6 7. Bd2 Qxb3 8. axb3
Bc2 9. cxd5 exd5 10. Na4 Nbd7 11. b4 Be7 12. Nc5 Nxc5 13. bxc5 O-O 14. Rc1 Be4
15. Be2 Nd7 16. O-O Rfc8 17. b4 a6 18. Ra1 Bxf3 19. Bxf3 Nf6 20. Ra2 Re8 21.
Rfa1 Rac8 22. Be1 g6 23. Be2 Bf8 24. Bd3 Bg7 25. Re2 Re7 26. f3 Rce8 27. Bf2
Nh5 28. Rae1 f5 29. h3 Nf6 30. g4 fxg4 31. hxg4 Kh8 32. Bh4 Re6 33. Kf2 Rf8 34.
Kg3 Nd7 35. Rh1 1/2-1/2

[Event "NAYCC U12"]
[Site "Windsor CAN"]
[Date "2016.08.09"]
[Round "5.88"]
[White "Shi, William"]
[Black "Zheng, Victor"]
[Result "1-0"]
[WhiteElo "1753"]
[BlackElo "1852"]
[PlyCount "95"]
[EventDate "2016.08.07"]
[EventType "swiss"]
[EventRounds "9"]
[EventCountry "CAN"]

1. e4 c5 2. Nf3 d6 3. d4 cxd4 4. Nxd4 Nf6 5. Nc3 a6 6. Be3 e5 7. Nb3 Be6 8. f3
Be7 9. Qd2 Nbd7 10. g4 b5 11. g5 b4 12. Ne2 Nh5 13. Ng3 Nf4 14. h4 a5 15. Bxf4
exf4 16. Nh5 O-O 17. Nd4 Qb6 18. Nxf4 Ne5 19. O-O-O a4 20. Nfxe6 fxe6 21. f4 b3
22. Kb1 bxa2+ 23. Kxa2 Rab8 24. Rb1 Nc6 25. Nxe6 d5 26. Nxf8 Kxf8 27. Be2 dxe4
28. Rh3 Bc5 29. Bc4 e3 30. Qe2 a3 31. b3 Nb4+ 32. Kxa3 Qa5+ 33. Kb2 Qa2+ 34.
Kc1 Nd3+ 35. Qxd3 Ba3+ 36. Kd1 Qxb1+ 37. Ke2 Qg1 38. Qf5+ Ke8 39. Rxe3+ Kd8 40.
Qa5+ Kd7 41. Qa7+ Kc6 42. Re6+ Bd6 43. Qxg1 Rc8 44. Qg2+ Kd7 45. Qd5 Rc6 46.
Bb5 Kd8 47. Qxc6 Bxf4 48. Re8# 1-0

[Event "NAYCC U12"]
[Site "Windsor CAN"]
[Date "2016.08.09"]
[Round "5.89"]
[White "Idnani, Taran"]
[Black "Tanaka, Tyler"]
[Result "1/2-1/2"]
[WhiteElo "1826"]
[BlackElo "1620"]
[PlyCount "55"]
[EventDate "2016.08.07"]
[EventType "swiss"]
[EventRounds "9"]
[EventCountry "CAN"]

1. Nf3 Nf6 2. g3 g6 3. Bg2 Bg7 4. c4 c5 5. O-O O-O 6. Nc3 d6 7. d4 Nbd7 8. b3
a6 9. Bb2 Qc7 10. Qc2 e5 11. dxe5 Nxe5 12. e4 Bg4 13. Nxe5 dxe5 14. f3 Be6 15.
Nd5 Bxd5 16. cxd5 Rac8 17. Rfd1 Ne8 18. Bh3 Rd8 19. Ba3 b6 20. b4 c4 21. Bb2 b5
22. Bc3 Nd6 23. Rf1 f5 24. Rae1 Rde8 25. Qb2 Nc8 26. Qc2 Nd6 27. Qb2 Nc8 28.
Qc2 1/2-1/2

[Event "NAYCC U12"]
[Site "Windsor CAN"]
[Date "2016.08.09"]
[Round "5.90"]
[White "Zhou, Aiden"]
[Black "Yeung, Wesley"]
[Result "1-0"]
[WhiteElo "1717"]
[BlackElo "1515"]
[PlyCount "79"]
[EventDate "2016.08.07"]
[EventType "swiss"]
[EventRounds "9"]
[EventCountry "CAN"]

1. d4 Nf6 2. Bg5 e6 3. e4 h6 4. Bxf6 Qxf6 5. c3 c5 6. Nf3 cxd4 7. cxd4 Bb4+ 8.
Nc3 O-O 9. Bd3 Nc6 10. e5 Qe7 11. O-O d5 12. Bc2 Rd8 13. Qd3 g6 14. Ne2 Qe8 15.
h4 h5 16. Nf4 Be7 17. a3 Qf8 18. g3 Qh6 19. Rad1 Bd7 20. Qd2 Bf8 21. Ng5 Ne7
22. Bd3 Rac8 23. Rc1 a6 24. Qe2 Bg7 25. Qf3 Rf8 26. Rxc8 Bxc8 27. Rc1 Nc6 28.
Qe3 Bd7 29. Rd1 Ne7 30. Bb1 Nc6 31. Qd3 Ne7 32. Qb3 Bc8 33. Qb4 Nc6 34. Qd6 Qh8
35. Bxg6 Nxd4 36. Bxf7+ Rxf7 37. Nxf7 Nf3+ 38. Kg2 Nxh4+ 39. gxh4 Kxf7 40. Qc7+
1-0

[Event "NAYCC U12"]
[Site "Windsor CAN"]
[Date "2016.08.09"]
[Round "5.91"]
[White "Huang, Qiuyu"]
[Black "Idnani, Roshan"]
[Result "0-1"]
[WhiteElo "1972"]
[BlackElo "1860"]
[PlyCount "132"]
[EventDate "2016.08.07"]
[EventType "swiss"]
[EventRounds "9"]
[EventCountry "CAN"]

1. e4 c6 2. d4 d5 3. exd5 cxd5 4. Bd3 Nc6 5. c3 Qc7 6. f4 Nf6 7. Nf3 Bg4 8. h3
Bxf3 9. Qxf3 e6 10. Be3 Bd6 11. Nd2 a6 12. O-O O-O 13. g4 g6 14. Qf2 h5 15. Qh4
Be7 16. g5 Ne8 17. Rfc1 b5 18. b3 Qb7 19. Qf2 Ng7 20. Qf3 Rac8 21. a3 Qb6 22.
Kh1 Rc7 23. f5 Nxf5 24. Bxf5 exf5 25. Qxd5 Rcc8 26. Qf3 Qd8 27. Qg2 Re8 28. Bf4
Bd6 29. Bxd6 Qxd6 30. Qf3 Re7 31. Re1 Rce8 32. Rxe7 Rxe7 33. Qf2 Qe6 34. Qg2
Qe2 35. d5 Qxg2+ 36. Kxg2 Re2+ 37. Kf1 Rxd2 38. dxc6 Rd6 39. a4 Rxc6 40. axb5
axb5 41. Rc1 f6 42. gxf6 Rxf6 43. c4 bxc4 44. Rxc4 Rb6 45. b4 Kf7 46. Kf2 Ke6
47. h4 Kd5 48. Rf4 Rc6 49. b5 Rb6 50. Rb4 Kc5 51. Rb3 Rxb5 52. Rg3 Rb6 53. Rg1
Kd4 54. Kf3 Ke5 55. Re1+ Kf6 56. Ra1 Rb3+ 57. Kg2 Rb4 58. Kg3 Rg4+ 59. Kh3 Ke5
60. Re1+ Kd4 61. Re8 f4 62. Re7 f3 63. Re8 f2 64. Rf8 Ke3 65. Re8+ Kf3 66. Kh2
Rxh4# 0-1

[Event "NAYCC U12"]
[Site "Windsor CAN"]
[Date "2016.08.09"]
[Round "5.92"]
[White "Lin, Benjamin"]
[Black "Balderas, Adolfo"]
[Result "1-0"]
[WhiteElo "1716"]
[BlackElo "1956"]
[PlyCount "129"]
[EventDate "2016.08.07"]
[EventType "swiss"]
[EventRounds "9"]
[EventCountry "CAN"]

1. d4 Nf6 2. c4 g6 3. Nc3 Bg7 4. e4 d6 5. f3 O-O 6. Be3 e5 7. Nge2 c6 8. Qd2
Qe7 9. h4 Re8 10. Bg5 Qf8 11. d5 cxd5 12. Nxd5 Nxd5 13. cxd5 f5 14. h5 fxe4 15.
fxe4 Nd7 16. hxg6 hxg6 17. Nc3 Nf6 18. Bb5 Re7 19. O-O-O Rf7 20. Bh6 Bg4 21.
Bxg7 Qxg7 22. Be2 Raf8 23. Rdf1 Bxe2 24. Qxe2 Nh5 25. Rxf7 Qxf7 26. Qe3 Qg7 27.
g3 a6 28. a4 Rf7 29. Nd1 Qf6 30. g4 Nf4 31. Rh2 Qg5 32. Kb1 Qxg4 33. Qd2 Nh5
34. Nc3 Qf4 35. Qxf4 Rxf4 36. Kc2 Kg7 37. Kd3 Ng3 38. Rg2 Nh5 39. Kc4 Nf6 40.
Re2 g5 41. Kb4 b6 42. a5 b5 43. Kb3 Kg6 44. Nxb5 axb5 45. a6 Nd7 46. Kb4 Rf8
47. Kxb5 Rc8 48. b4 g4 49. a7 Kg5 50. Ra2 Ra8 51. Kc6 Kf4 52. Kxd7 Kxe4 53. b5
Kf3 54. b6 g3 55. b7 Rxa7 56. Rxa7 g2 57. Ra1 e4 58. b8=Q e3 59. Qf8+ Kg3 60.
Qxd6+ Kf2 61. Qf4+ Ke2 62. Qg3 Kd2 63. Qxg2+ e2 64. Ra2+ Kc3 65. Qxe2 1-0

[Event "NAYCC U12"]
[Site "Windsor CAN"]
[Date "2016.08.09"]
[Round "5.93"]
[White "Liang, Justin"]
[Black "Hawthorn, Henry"]
[Result "1-0"]
[WhiteElo "1853"]
[BlackElo "1486"]
[PlyCount "83"]
[EventDate "2016.08.07"]
[EventType "swiss"]
[EventRounds "9"]
[EventCountry "CAN"]

1. d4 Nf6 2. c4 e6 3. Nf3 d5 4. Nc3 c6 5. Bf4 Bd6 6. Bg3 O-O 7. e3 b6 8. Bd3
Bb7 9. Bxd6 Qxd6 10. Ne5 Nbd7 11. f4 c5 12. Nb5 Qe7 13. O-O a6 14. Nc3 Rfd8 15.
Qe2 Nxe5 16. fxe5 Nd7 17. cxd5 exd5 18. Qg4 Nf8 19. h4 Qe6 20. Qg5 Qc6 21. h5
c4 22. Bc2 h6 23. Qg3 Ne6 24. Rf2 Ng5 25. Raf1 b5 26. Rf6 gxf6 27. Rxf6 Qd7 28.
Rxh6 Qe7 29. Rf6 Kf8 30. Qxg5 Ke8 31. e6 b4 32. Ba4+ Rd7 33. Qg8+ Qf8 34. Bxd7+
Ke7 35. Rxf7+ Qxf7 36. Qxf7+ Kd6 37. Na4 c3 38. bxc3 bxc3 39. Bc8 Bxc8 40. Qf8+
Kc7 41. Qe7+ Kb8 42. Qd6+ 1-0

[Event "NAYCC U12"]
[Site "Windsor CAN"]
[Date "2016.08.09"]
[Round "5.94"]
[White "Tsay, Vincent"]
[Black "Li, Jack"]
[Result "1/2-1/2"]
[WhiteElo "1789"]
[BlackElo "1511"]
[PlyCount "110"]
[EventDate "2016.08.07"]
[EventType "swiss"]
[EventRounds "9"]
[EventCountry "CAN"]

1. d4 d5 2. Bf4 c6 3. e3 Nf6 4. Nd2 e6 5. Ngf3 Nbd7 6. Bd3 Be7 7. h3 b6 8. O-O
Bb7 9. Qe2 O-O 10. Rfc1 c5 11. c3 Rc8 12. Ba6 Bxa6 13. Qxa6 Ra8 14. Re1 Qc8 15.
Qd3 Qb7 16. e4 dxe4 17. Nxe4 Nxe4 18. Rxe4 Nf6 19. Ree1 Rfd8 20. Qe2 Rac8 21.
Rad1 h6 22. Ne5 cxd4 23. cxd4 Nd5 24. Qf3 Bb4 25. Re2 Qe7 26. Bg3 Qf6 27. Qb3
Bd6 28. Ng4 Qg6 29. Bxd6 Rxd6 30. Qa3 Nf4 31. Red2 Rdc6 32. Qf3 Qf5 33. Qg3 Ng6
34. d5 exd5 35. Rxd5 Qe6 36. Qe3 Qxe3 37. Nxe3 Rc1 38. Kf1 Rxd1+ 39. Rxd1 Rc7
40. Ke2 f6 41. g3 Kf7 42. Rd8 Ke6 43. f4 f5 44. Kd3 Ne7 45. Nc4 Rd7+ 46. Rxd7
Kxd7 47. Ne5+ Kd6 48. Kc4 a6 49. Kd4 Ke6 50. b3 Nd5 51. a3 Kd6 52. Nc4+ Ke6 53.
Ne5 Kd6 54. Nd3 Ke6 55. a4 Kd6 1/2-1/2

[Event "NAYCC U12"]
[Site "Windsor CAN"]
[Date "2016.08.09"]
[Round "5.95"]
[White "Singh, Hersh"]
[Black "Huang, Andrew"]
[Result "1-0"]
[WhiteElo "1506"]
[BlackElo "1754"]
[PlyCount "69"]
[EventDate "2016.08.07"]
[EventType "swiss"]
[EventRounds "9"]
[EventCountry "CAN"]

1. e4 c5 2. Nf3 g6 3. d4 cxd4 4. Qxd4 Nf6 5. e5 Nc6 6. Qa4 Nd5 7. Qe4 Ndb4 8.
Bb5 a6 9. Ba4 d5 10. Qxb4 b5 11. Qc3 Bb7 12. Bb3 e6 13. O-O Bg7 14. Re1 O-O 15.
Bg5 f6 16. exf6 Bxf6 17. Bxf6 Rxf6 18. Nd4 e5 19. Nxc6 Bxc6 20. Qxe5 a5 21. Nc3
Rd6 22. Rad1 Ra7 23. Bxd5+ Bxd5 24. Rxd5 Rxd5 25. Qxd5+ Qxd5 26. Nxd5 Rd7 27.
Nf6+ Kf7 28. Nxd7 Kg8 29. Re7 b4 30. b3 h6 31. g4 h5 32. gxh5 gxh5 33. h4 Kh8
34. Nf6 a4 35. Rh7# 1-0

[Event "NAYCC U12"]
[Site "Windsor CAN"]
[Date "2016.08.09"]
[Round "5.96"]
[White "Grabinsky, Joshua"]
[Black "Nath, Naveen"]
[Result "1-0"]
[WhiteElo "1704"]
[BlackElo "1481"]
[PlyCount "73"]
[EventDate "2016.08.07"]
[EventType "swiss"]
[EventRounds "9"]
[EventCountry "CAN"]

1. e4 e5 2. Nf3 Nc6 3. d4 exd4 4. Nxd4 Bc5 5. Nxc6 bxc6 6. Bc4 d6 7. c3 Nf6 8.
Nd2 O-O 9. O-O Bg4 10. Qc2 Re8 11. Ba6 d5 12. b4 Be7 13. Bb7 Rb8 14. Bxc6 Rf8
15. e5 Nd7 16. f4 Be2 17. Re1 Bc4 18. Nxc4 dxc4 19. Rd1 Qc8 20. Bxd7 Qb7 21.
Be3 Rfd8 22. Bf5 g6 23. Be4 Qa6 24. a4 Qc8 25. Rxd8+ Qxd8 26. Bxa7 Rc8 27. Bb7
Qe8 28. Bxc8 Qxc8 29. Rd1 Qg4 30. Qd2 Kf8 31. Bc5 Bxc5+ 32. bxc5 Kg7 33. Qd8
Qe2 34. Qd4 Kf8 35. e6 fxe6 36. Qf6+ Ke8 37. Rd8# 1-0

[Event "NAYCC U12"]
[Site "Windsor CAN"]
[Date "2016.08.09"]
[Round "5.97"]
[White "Li, Si"]
[Black "Doknjas, Neil"]
[Result "0-1"]
[WhiteElo "1366"]
[BlackElo "1693"]
[PlyCount "78"]
[EventDate "2016.08.07"]
[EventType "swiss"]
[EventRounds "9"]
[EventCountry "CAN"]

1. e4 c5 2. Nf3 d6 3. d4 cxd4 4. Nxd4 Nf6 5. Nc3 a6 6. Bg5 e6 7. g3 Be7 8. Be3
e5 9. Nde2 Be6 10. Bg2 O-O 11. f3 h5 12. O-O Nbd7 13. Nd5 Bxd5 14. exd5 Nb6 15.
Nc3 Nc4 16. Qe2 Nxb2 17. Nd1 Na4 18. Qd2 Nb6 19. Nc3 Nc4 20. Qe2 Qc7 21. Bg5
Qc5+ 22. Kh1 Nxd5 23. Ne4 Qc7 24. Bxe7 Nxe7 25. Qd3 d5 26. Ng5 Ng6 27. f4 e4
28. Qxd5 Ne3 29. Qxe4 Nxf1 30. Rxf1 Rab8 31. f5 Ne5 32. Qh4 Nd7 33. f6 Nxf6 34.
Rxf6 gxf6 35. Qxh5 Rfe8 36. Qh7+ Kf8 37. Ne4 Qe5 38. Qh6+ Ke7 39. Qd2 Qa1+ 0-1

[Event "NAYCC U12"]
[Site "Windsor CAN"]
[Date "2016.08.09"]
[Round "5.98"]
[White "Ouyang, Nathan"]
[Black "Jeyakumar, Bhavatharshan"]
[Result "1/2-1/2"]
[WhiteElo "1693"]
[BlackElo "1390"]
[PlyCount "49"]
[EventDate "2016.08.07"]
[EventType "swiss"]
[EventRounds "9"]
[EventCountry "CAN"]

1. e4 c5 2. Nf3 Nc6 3. d4 cxd4 4. Nxd4 e6 5. Nc3 Qc7 6. Be2 Nf6 7. Be3 a6 8. a4
Bb4 9. f3 O-O 10. O-O Bxc3 11. bxc3 d5 12. Nxc6 bxc6 13. exd5 cxd5 14. Qd2 a5
15. Rfb1 Rb8 16. Rxb8 Qxb8 17. c4 h6 18. Qxa5 Qe5 19. Kf2 Qxa1 20. c5 Qe5 21.
c6 Ne8 22. Bc5 d4 23. Qb4 Qe3+ 24. Kf1 Qc1+ 25. Kf2 1/2-1/2

[Event "NAYCC U12"]
[Site "Windsor CAN"]
[Date "2016.08.09"]
[Round "5.99"]
[White "Zhao, Jonathan"]
[Black "Kobla, Akshay"]
[Result "1/2-1/2"]
[WhiteElo "1650"]
[BlackElo "1382"]
[PlyCount "75"]
[EventDate "2016.08.07"]
[EventType "swiss"]
[EventRounds "9"]
[EventCountry "CAN"]

1. d4 Nf6 2. Nf3 e6 3. Nbd2 d5 4. e3 Be7 5. Bd3 O-O 6. b3 Nbd7 7. Bb2 b6 8. O-O
Bb7 9. Ne5 c5 10. Rc1 Rc8 11. Qe2 Qc7 12. f4 Ne4 13. Bb5 Ndf6 14. Ndf3 c4 15.
bxc4 dxc4 16. Bxc4 Nd5 17. Bb3 Nec3 18. Bxc3 Qxc3 19. Nd3 Ba6 20. Rcd1 Nb4 21.
Nfe1 Rc7 22. Qd2 Bxd3 23. Qxc3 Rxc3 24. cxd3 b5 25. Rf2 a5 26. Rdd2 Rfc8 27.
Kf1 Rc1 28. a3 a4 29. Ba2 Nxa2 30. Rxa2 R8c3 31. Rfb2 Rxd3 32. Ke2 Rxa3 33.
Rxa3 Bxa3 34. Rxb5 Ra1 35. Nd3 Ra2+ 36. Kf3 Bd6 37. Ra5 Kf8 38. Ra6 1/2-1/2

[Event "NAYCC U12"]
[Site "Windsor CAN"]
[Date "2016.08.09"]
[Round "5.100"]
[White "Dong, Leo"]
[Black "England, Max"]
[Result "0-1"]
[WhiteElo "784"]
[BlackElo "1607"]
[PlyCount "66"]
[EventDate "2016.08.07"]
[EventType "swiss"]
[EventRounds "9"]
[EventCountry "CAN"]

1. d4 Nf6 2. c4 e6 3. Nf3 Bb4+ 4. Bd2 Qe7 5. g3 b6 6. Bg2 Bb7 7. O-O O-O 8. a3
Bxd2 9. Nbxd2 d6 10. Re1 Nbd7 11. e4 e5 12. d5 Rfc8 13. b3 c6 14. Rc1 cxd5 15.
cxd5 Nc5 16. Nc4 b5 17. Ncd2 Nd3 18. Rxc8+ Rxc8 19. Re3 Rc1 20. Qxc1 Nxc1 21.
Bf1 b4 22. Re1 Na2 23. Ra1 Nc3 24. axb4 Qd8 25. Rxa7 Qb6 26. Ra3 Nfxe4 27. Nxe4
Nxe4 28. Bc4 Qxf2+ 29. Kh1 Qxf3+ 30. Kg1 Qf2+ 31. Kh1 Ng5 32. Ra1 Qf3+ 33. Kg1
Nh3# 0-1

[Event "NAYCC U12"]
[Site "Windsor CAN"]
[Date "2016.08.09"]
[Round "5.101"]
[White "Thirumalai, Atul"]
[Black "Butchart, Kevin"]
[Result "1-0"]
[WhiteElo "1543"]
[BlackElo "1083"]
[PlyCount "89"]
[EventDate "2016.08.07"]
[EventType "swiss"]
[EventRounds "9"]
[EventCountry "CAN"]

1. e4 c5 2. d4 cxd4 3. c3 dxc3 4. Nxc3 Nc6 5. Nf3 d6 6. Bc4 e6 7. Bf4 a6 8. Qd2
Nf6 9. Rd1 b5 10. Be2 b4 11. Nb1 Nxe4 12. Qc2 Nc5 13. O-O Bb7 14. Be3 Nd7 15.
Rd2 Nf6 16. Nd4 Rc8 17. Qa4 Qd7 18. Nxc6 Qxc6 19. Qxc6+ Rxc6 20. Rd4 Rc2 21.
Rxb4 Bxg2 22. Re1 Bd5 23. Nc3 Rxc3 24. bxc3 Bxa2 25. Bxa6 Be7 26. Rb8+ Bd8 27.
Bb6 Ke7 28. Rb7+ Nd7 29. Bb5 Bxb6 30. Rxd7+ Kf6 31. Rxd6 Bc5 32. Rc6 Be7 33.
Bc4 Bxc4 34. Rxc4 Rb8 35. Rf4+ Kg6 36. Kh1 Rb3 37. Rg1+ Kh6 38. Rxf7 Bc5 39.
Rgxg7 Rxc3 40. Rxh7+ Kg6 41. Rhg7+ Kh6 42. Rg3 Rc1+ 43. Kg2 Bd4 44. Rf4 e5 45.
Rh4# 1-0

[Event "NAYCC U12"]
[Site "Windsor CAN"]
[Date "2016.08.09"]
[Round "5.102"]
[White "Omichi, Haruaki"]
[Black "Damarla, Rishi"]
[Result "1-0"]
[WhiteElo "1071"]
[BlackElo "1065"]
[PlyCount "75"]
[EventDate "2016.08.07"]
[EventType "swiss"]
[EventRounds "9"]
[EventCountry "CAN"]

1. e4 e5 2. Nf3 Nc6 3. Nc3 Nf6 4. d4 exd4 5. Nxd4 Be7 6. Bc4 O-O 7. Be3 d6 8.
f3 Bd7 9. g4 Nxd4 10. Bxd4 c5 11. Be3 a6 12. a4 Ne8 13. Qd2 h6 14. O-O-O Bc6
15. Rdg1 Nc7 16. g5 Bxg5 17. Bxg5 hxg5 18. Rxg5 Ne6 19. Rg3 Qf6 20. Rhg1 Rfe8
21. h4 Kh8 22. h5 b5 23. Ba2 bxa4 24. Qxd6 Qf4+ 25. Qxf4 Nxf4 26. Rxg7 Nxh5 27.
R7g5 Ng7 28. Rxg7 Rg8 29. Rxg8+ Rxg8 30. Rxg8+ Kxg8 31. Bc4 a5 32. Nd5 Kg7 33.
Nc7 Kg6 34. Bb5 Bxb5 35. Nxb5 Kg5 36. Kd2 Kf4 37. Ke2 f6 38. Nc3 1-0

[Event "NAYCC U12"]
[Site "Windsor CAN"]
[Date "2016.08.09"]
[Round "5.103"]
[White "Nair, Siddhant"]
[Black "Ge, Jared"]
[Result "1-0"]
[WhiteElo "1825"]
[BlackElo "1405"]
[PlyCount "43"]
[EventDate "2016.08.07"]
[EventType "swiss"]
[EventRounds "9"]
[EventCountry "CAN"]

1. d4 d5 2. c4 e6 3. Nf3 Nf6 4. g3 c6 5. Bg2 Nbd7 6. O-O Bd6 7. Qc2 O-O 8. Nbd2
a6 9. b3 b5 10. c5 Bc7 11. Bb2 Re8 12. e4 e5 13. exd5 cxd5 14. c6 Nb6 15. dxe5
Ng4 16. Rfe1 f6 17. exf6 Rxe1+ 18. Rxe1 Nxf6 19. Ng5 Qd6 20. Bxf6 Qxf6 21. Re8+
Qf8 22. Qxh7# 1-0

[Event "NAYCC U12"]
[Site "Windsor CAN"]
[Date "2016.08.09"]
[Round "5.104"]
[White "Laurrabaquio Ramirez, Bryan Rica"]
[Black "Zaid, Daniyal"]
[Result "1-0"]
[WhiteElo "1480"]
[BlackElo "714"]
[PlyCount "121"]
[EventDate "2016.08.07"]
[EventType "swiss"]
[EventRounds "9"]
[EventCountry "CAN"]

1. e4 e5 2. Nf3 Nc6 3. Bc4 Bc5 4. c3 Nf6 5. d4 exd4 6. cxd4 Bb4+ 7. Bd2 O-O 8.
e5 Bxd2+ 9. Nbxd2 Ne8 10. d5 Nb4 11. Qb3 Qe7 12. d6 cxd6 13. Qxb4 a5 14. Qb3
dxe5 15. Qe3 d6 16. O-O Nc7 17. Bd3 d5 18. Qxe5 Qxe5 19. Nxe5 f6 20. Nef3 Bd7
21. Rac1 Rac8 22. Nb3 b6 23. Rfd1 Rfe8 24. Re1 Rxe1+ 25. Rxe1 a4 26. Nbd2 Re8
27. Rxe8+ Bxe8 28. Nb1 Bd7 29. b3 b5 30. Nd4 Kf7 31. Nc3 axb3 32. axb3 b4 33.
Na2 Be6 34. Nxb4 Ke7 35. Nxe6 Kxe6 36. Bxh7 d4 37. Kf1 Ke5 38. Ke2 Nd5 39. Nxd5
Kxd5 40. Kd3 g5 41. b4 g4 42. b5 Kc5 43. b6 Kxb6 44. Kxd4 Kc6 45. Ke4 Kd6 46.
Kf5 Kd5 47. Kxf6 Kd4 48. Kg5 Ke5 49. Kxg4 Kf6 50. f4 Kf7 51. h3 Kg7 52. Kg5
Kxh7 53. Kf6 Kg8 54. Ke7 Kg7 55. f5 Kg8 56. f6 Kh7 57. f7 Kg6 58. f8=Q Kg5 59.
Qf3 Kh6 60. Qg3 Kh7 61. Kf6 1-0

[Event "NAYCC U12"]
[Site "Windsor CAN"]
[Date "2016.08.09"]
[Round "5.105"]
[White "Renard, Christopher"]
[Black "Shi, David"]
[Result "0-1"]
[WhiteElo "799"]
[BlackElo "1309"]
[PlyCount "80"]
[EventDate "2016.08.07"]
[EventType "swiss"]
[EventRounds "9"]
[EventCountry "CAN"]

1. e4 c5 2. Nf3 d6 3. h3 Nf6 4. Nc3 e6 5. d3 Be7 6. Qe2 Nc6 7. Be3 O-O 8. O-O-O
a6 9. d4 cxd4 10. Bxd4 Nxd4 11. Rxd4 e5 12. Nxe5 Qb6 13. Rd3 dxe5 14. Rg3 Be6
15. Qe3 Qxe3+ 16. fxe3 Bb4 17. Rg5 Bxc3 18. bxc3 Nxe4 19. Rxe5 Nxc3 20. Kb2
Nxa2 21. Rxe6 fxe6 22. Kxa2 Rf2 23. Kb3 a5 24. Bc4 a4+ 25. Ka3 Kf7 26. Rd1 Rxc2
27. Rd7+ Kf6 28. Bd3 Rc3+ 29. Kb4 Rb3+ 30. Kc4 Rc8+ 31. Kd4 a3 32. Bc4 a2 33.
Bxb3 a1=Q+ 34. Ke4 Qb1+ 35. Kf4 Qxb3 36. g4 Qc4+ 37. e4 e5+ 38. Kg3 Qc3+ 39.
Kh4 g5+ 40. Kh5 Qxh3# 0-1

[Event "NAYCC U12"]
[Site "Windsor CAN"]
[Date "2016.08.09"]
[Round "5.106"]
[White "Boyd, Alexander"]
[Black "Kapoor, Arjun"]
[Result "1-0"]
[WhiteElo "1247"]
[BlackElo "590"]
[PlyCount "72"]
[EventDate "2016.08.07"]
[EventType "swiss"]
[EventRounds "9"]
[EventCountry "CAN"]

1. e4 e5 2. Nf3 d6 3. d4 Nc6 4. dxe5 dxe5 5. Qxd8+ Nxd8 6. Nxe5 Nc6 7. Bb5 a6
8. Nxc6 axb5 9. Nd4 Nf6 10. O-O Bd7 11. Bg5 Bc5 12. Bxf6 gxf6 13. Nf5 Bxf5 14.
exf5 Bd4 15. Re1+ Kf8 16. c3 Bb6 17. Na3 Re8 18. Nxb5 Rxe1+ 19. Rxe1 c6 20. Nd6
Bc5 21. Nxb7 Be7 22. a4 Kg7 23. Rxe7 Rb8 24. a5 Ra8 25. b4 Ra7 26. c4 Kf8 27.
Rc7 Ra8 28. b5 cxb5 29. cxb5 Re8 30. g3 Re1+ 31. Kg2 Re5 32. Nd6 Re7 33. Rxe7
Kxe7 34. a6 Kxd6 35. a7 Kc5 36. a8=Q Kxb5 1-0